| 000 | 00574nam a2200181Ia 4500 | ||
|---|---|---|---|
| 003 | GCL | ||
| 008 | 140319s9999 xx 000 0 ara d | ||
| 040 |
_aGCL / _cGCL |
||
| 082 | 0 | 4 |
_a813.01 _bا ا |
| 100 | 1 | _aاسماعيل فهد اسماعيل | |
| 245 | 1 | 0 |
_aالاقفاص واللغة المشتركة : قصص / _cاسماعيل فهد اسماعيل |
| 300 | _a91 ص | ||
| 490 | _a | ||
| 650 | 0 | 4 | _aالقصص القصيرة |
| 650 | 0 | 4 | _aالقصص العربية القصيرة |
| 650 | 0 | 4 | _aالادب العربى - العصر الحديث |
| 942 |
_2ddc _cBK |
||
| 999 |
_c40012 _d40012 |
||